000 00661nam a22001937a 4500
005 20251108164717.0
008 250721s1983 xx 000 0 ara d
082 1 4 _a614.3095669/علي
100 1 _aالفرس، علي أحمد صالح
_eإعداد
245 1 0 _aالمواصفات الصحية للأغذية بالكويت /
264 1 _aالكويت :
_bمؤسسة الكويت للتقدم العلمي،
_c1983.
300 _a
650 1 7 _aالتغذية
650 1 7 _aالصحة العامة
650 1 7 _aالكويت
700 1 _aالراشد، راشد عبد الله العثمان
_eمراجعة
942 _2ddc
_cBK
999 _c12426
_d12426